Statistiques concernant Culture Générale - Série 1454

Cliquez ici pour prendre le quiz!

Statistiques générales

  • Ce quiz a été pris 58 fois
  • Le résultat moyen est 5 sur 10

Statistiques - réponses

QuestionRéponse% Correct
Quel pays d'Europe, dont la capitale est Bratislava, occupe l'extrémité nord-ouest des Carpates ?Slovaquie
85%
Répondez à cette énigme du Sphinx : "Quel animal a quatre pattes le matin, deux à midi et trois le soir ?"l'homme
84%
Quel nom de bébé félin porte la partie centrale d'une bague dans laquelle la pierre est enchâssée ?chaton
69%
Quelle est la nationalité des auteurs de contes, Jacob et Wilhelm Grimm ?allemande
69%
La fête juive du "Grand Pardon" s'appelle "Yom...Kippour
64%
Quelle unité de mesure, très utilisée dans les contes pour enfants, équivalait à environ quatre kilomètres ?lieue
64%
Dans quel sport les soeurs Goitschel se sont-elles illustrées dans les années 60 ?ski
56%
Le 10 novembre 1630, lors de la “journée des Dupes”, quelle dame de France s'est opposée à Richelieu ?Marie de Médicis
25%
Quel a été le premier État au monde, à accorder le droit de vote aux femmes, en 1893 ?Nouvelle-Zélande
22%
De quelle actrice française la jeune comédienne Lolita Chammah est-elle la fille ?Isabelle Huppert
4%

Distribution des résultats

Percentile par nombre de réponses

% des personnes avec chaque résultat

Votre développement - résultats

Vous n’avez pas pris ce quiz